Prácticas de modulación para ingenieros
Guardado en:
| 主要作者: | |
|---|---|
| 格式: | 圖書 |
| 出版: |
viii, 134 hojas : ilustraciones ; 27 cm
1987
|
| 主題: | |
| 標簽: |
添加標簽
沒有標簽, 成為第一個標記此記錄!
|
MARC
| LEADER | 00000nam a2200000Ia 4500 | ||
|---|---|---|---|
| 003 | 004529 | ||
| 005 | 20221231144346.0 | ||
| 008 | 140114s1987 cr a m 000 ||s d | ||
| 040 | |c cru CEDI | ||
| 090 | |a TFG 2063 | ||
| 100 | |a Granados Aguilar, Jimmy E |9 13702 | ||
| 245 | |a Prácticas de modulación para ingenieros | ||
| 260 | |c 1987 |a viii, 134 hojas : ilustraciones ; 27 cm | ||
| 300 | |a viii, 134 hojas : ilustraciones ; 27 cm | ||
| 500 | |a Proyecto de graduacion (bachillerato en ingenieria electrica)-- Universidad de Costa Rica, Facultad de Ingenieria, Escuela de Ingenieria Electrica | ||
| 650 | |x MODULACION (ELECTRONICA) - ESTUDIO Y ENSEÑANZA |x TELECOMUNICACIONES - PROCESAMIENTO DE DATOS |9 13703 | ||
| 942 | |c TFG |2 ddc | ||
| 999 | |c 20683 |d 20683 | ||
